000
00304nam a2200121Ia 4500
008
140130s9999 xx 000 0 und d
245
_c
Barbara Park
_a
Junie B. Jones and some Sneaky Peeky
260
_b
Scholastic,
_c
1994
440
_v
1
521
_a
Grade 1 - Grade 2
942
_c
BK
999
_c
40269
_d
40269